Đối thoại với các nền văn hoá Đức
Giới thiệu điều kiện tự nhiên, nguồn gốc dân tộc, lịch sử, kinh tế, ngôn ngữ, tôn giáo, phong tục, lễ hội, tập quán lối sống ở đất nước Đức
Đã lưu trong:
| 其他作者: | |
|---|---|
| 格式: | 圖書 |
| 語言: | Vietnamese |
| 出版: |
Tp. Hồ Chí Minh
Nxb. Trẻ
2005
|
| 主題: | |
| 標簽: |
添加標簽
沒有標簽, 成為第一個標記此記錄!
|
| Thư viện lưu trữ: | Mạng thư viện Đại học Đà Nẵng |
|---|
| LEADER | 01347nam a2200349 4500 | ||
|---|---|---|---|
| 001 | 000006938 | ||
| 003 | 3098 | ||
| 005 | 20110927160925.0 | ||
| 008 | 110923s2005 viesd | ||
| 020 | |c 16500đ | ||
| 041 | 0 | |a vie | |
| 082 | |a 306.943 |b Đôi | ||
| 245 | 0 | |a Đối thoại với các nền văn hoá Đức |c Trịnh Huy Hoá biên dịch | |
| 260 | |a Tp. Hồ Chí Minh |b Nxb. Trẻ |c 2005 | ||
| 300 | |a 175 tr |b ảnh, bản đồ |c 20 cm | ||
| 504 | |a Thư mục tr ; 176-177 | ||
| 520 | |a Giới thiệu điều kiện tự nhiên, nguồn gốc dân tộc, lịch sử, kinh tế, ngôn ngữ, tôn giáo, phong tục, lễ hội, tập quán lối sống ở đất nước Đức | ||
| 653 | |a Văn hoá dân tộc | ||
| 653 | |a Đức | ||
| 653 | |a Cộng hòa Liên Bang | ||
| 700 | |a Trịnh Huy Hoá |e dịch | ||
| 910 | |a Nguyễn Thị Kim Oanh |d 23/09/2011 | ||
| OWN | |a LSP | ||
| AVA | |a UDN50 |b LSP |d 306.943 Đôi |e available |t Error 5001 Not defined in file expand_doc_bib_avail. |f 1 |g 0 |h N |i 0 |k 1 | ||
| 999 | |a From the UDN01 | ||
| AVA | |a UDN50 |b LSP |d 306.943 Đôi |e available |t Error 5001 Not defined in file expand_doc_bib_avail. |f 1 |g 0 |h N |i 0 |k 1 | ||
| TYP | |a Monograph | ||
| TYP | |a Printed language | ||
| 980 | |a Mạng thư viện Đại học Đà Nẵng | ||